| 000 | 00560nam a2200193 4500 | ||
|---|---|---|---|
| 001 | 126100 | ||
| 003 | ES-MaACL | ||
| 005 | 20250718062541.0 | ||
| 007 | t| | ||
| 008 | 070214s1964 sp r ||||1| spa d | ||
| 100 | 1 |
_aReiner, Hans. _996046 |
|
| 245 | 1 | 0 |
_aVieja y nueva ética / _cHan Reiner ; traducción de Luis Gª San Miguel. |
| 260 |
_aMadrid : _bRevista de Occidente, _c1964. |
||
| 300 |
_a375 p. ; _c20 cm. |
||
| 650 | 7 |
_aÉtica _2embne _912577 |
|
| 700 | 1 |
_aGarcía San Miguel, Luis. _955254 |
|
| 852 |
_aES-MaACL _jC-26072 |
||
| 999 |
_c126100 _d126100 |
||